000 00497nam a2200157 i 4500
001 27887
003 ES-MaACL
005 20230906153726.0
007 t|
008 030115s1910 sp ||||1| spa d
100 1 _aBalbas Capo, Vicente.
_924839
245 1 0 _aPuerto Rico a los diez años de americanización /
_cpor Vicente Balbas Capo.
260 _aSan Juan de Puerto Rico :
_b[s.n.,
_c1910] (
_fTip. Heraldo Español)
300 _aXXX, 481 p., 1 lám. ;
_c20 cm.
852 _aES-MaACL
_jB-13432
999 _c27887
_d27887